Jakich języków obcych Polacy uczą się najchętniej? - Statystyki

Ogólne statystyki
  • Ten quiz został rozwiązany 927 razy
  • Średni wynik to 8 z 10
Statystyki odpowiedzi
Hint Odpowiedź % Poprawnych
92% Angielski
100%
33% Niemiecki
99%
3% Hiszpański
98%
12% Rosyjski
96%
4% Francuski
93%
2% Włoski
85%
<1% Norweski
56%
<1% Szwedzki
55%
<1% Duński
46%
1% Niderlandzki
44%
Nie znaleziono quizów pasujących do podanych kryteriów
Rozkład punktacji
Procent ludzi z każdym wynikiem
Percentyl według liczby udzielonych odpowiedzi
Twoja historia wyników
Nie rozwiązałeś tego quizu